Highway engineering handbook

সংরক্ষণ করুন:
গ্রন্থ-পঞ্জীর বিবরন
প্রধান লেখক: Brockenbrough, Roger L.
বিন্যাস: গ্রন্থ
ভাষা:Undetermined
প্রকাশিত: New York McGraw- Hill 2003
বিষয়গুলি:
ট্যাগগুলো: ট্যাগ যুক্ত করুন
কোনো ট্যাগ নেই, প্রথমজন হিসাবে ট্যাগ করুন!
Thư viện lưu trữ: Trung tâm Học liệu Trường Đại học Cần Thơ
LEADER 00548nam a2200205Ia 4500
001 CTU_75071
008 210402s9999 xx 000 0 und d
020 |b 1963000 
082 |a 625.7 
082 |b B872 
100 |a Brockenbrough, Roger L. 
245 0 |a Highway engineering handbook 
245 0 |c Roger L. Brockenbrough 
260 |a New York 
260 |b McGraw- Hill 
260 |c 2003 
650 |a Highway engineering 
650 |x Handbooks, manuals 
904 |i Truc,Hải 
980 |a Trung tâm Học liệu Trường Đại học Cần Thơ